000
00214nam a2200085Ia 4500
008
120527s9999 xx 000 0 und d
100
_a
CHASE,B.Richard.
245
_a
production and operations management.
942
_c
BK
999
_c
24016
_d
24016